01830nam a22002417a 450000500170000000800410001702000180005804000070007604100120008308200190009510000350011424500620014926000380021130000250024936500600027452009620033465000220129665000250131865000300134394200120137399900190138595201840140420250625122908.0250623b |||||||| |||| 00| 0 eng d a9788195971176 cAL aEnglish a915.4871bBASM aSubhas Chandra Basu Ed9216055 aMangaluru heritage combing kudlab: with pens and brushes aMangalurubArt Kanara Trustc2025 a70p.bPBc20x20.5cm. aKSCR-000227b₹388.00c₹d₹485.00e20%f20-06-2025 a The Mangaluru Chapter of the Indian National Trust for Art and Cultural Heritage (INTACH), in association with Art Kanara Trust, is set to unveil a attractive pictorial book, ‘Combing Kudla with Pens and Brushes’, capturing the city’s rich heritage through the evocative sketches and watercolours of five renowned artists from Dakshina Kannada. This book is the culmination of an artistic journey that began on World River Day in September 2022, when INTACH Mangaluru invited artists and school students to document the vibrant life of Bengre’s fishing villages. Over the next two years, more sketching events unfolded across the city—at the Srimanthi Bai Memorial Government Museum in Bejai, the historic Bunder precinct, and during a communal harmony rally at Mahila Sabha. Each event saw the artists capturing the essence of Mangaluru’s evolving urban landscape, preserving its fading stories through intricate strokes and vivid watercolors. aGeography9215980 aHeritage Map9215981 aHeritage Sketches9215982 2ddccBK c234512d234512 00102ddc40738GENaALbALcRSd2025-06-23eNavakarnataka Publications Pvt. Ltd. Mangaluru-575001g388.00l0o915.4871 BASMp077688r2025-06-23 16:48:06v485.00w2025-06-20yREF